000 00726nam a22001817a 4500
003 OSt
005 20250430151702.0
008 250120b |||||||| |||| 00| 0 eng d
040 _c0
082 _aDPer 808.042 C686 June-February 2021, v. 72-73 n. 1-4.
100 _aMoss, Beverly J.
_eauthor.
_964663
245 _a2021 CCCC exemplar award acceptance remarks :
_bliteracy lessons with grace and integrity: doing good /
_cBeverly J. Moss.
260 _aUSA ;
_bNational Council of Teachers of English,
_cFebruary 2022.
300 _avolume 72-73, pages 615-620.
500 _aCollege Composition & Communication, v. 73, n. 3, pages 615-620, February 2022.
700 _aMoss, Beverly J.
_eauthor.
_960047
942 _2ddc
_cPER
999 _c23350
_d23350